|
|
|
|
| LEADER |
00000nam a2200000 a 4500 |
| 001 |
vtls010024030 |
| 003 |
SK-MaSNL |
| 005 |
20260301083336.0 |
| 008 |
240315s2009 xo o f a 000 0 slo |
| 015 |
|
|
|a SNBA2009/12-06299
|
| 020 |
|
|
|q (brož.)
|
| 035 |
|
|
|a 67B5C530-335E-4559-8A10-A18E3414CBAA
|
| 035 |
|
|
|a urn:nbn:sk:snk-aml38d
|
| 035 |
|
|
|a urn:nbn:sk:snk-am008l6p
|
| 040 |
|
|
|a SNK
|b slo
|c SNK
|e AACR2
|
| 041 |
0 |
|
|a slo
|b eng
|
| 044 |
|
|
|a xo
|c SK
|
| 072 |
|
7 |
|a 69
|x Stavebníctvo
|2 konspekt
|
| 080 |
|
|
|a 691.32
|2 2001
|
| 080 |
|
|
|a 624.21-033.3
|2 2001
|
| 080 |
|
|
|a (043.3)
|2 2001
|
| 080 |
|
|
|a (041)
|2 2001
|
| 100 |
1 |
|
|a Bujňáková, Petra,
|d 1982-
|4 aut
|9 226305
|
| 245 |
1 |
0 |
|a Uplatnenie vysokohodnotného betónu pre vopred predpäté mostné konštrukcie
|b autoreferát dizertačnej práce na získanie vedecko-akademickej hodnosti philosophiae doctor (v skratke "PhD")
|c Petra Bujňáková
|
| 250 |
|
|
|a [1. vyd.]
|
| 260 |
|
|
|a Žilina
|b Žilinská univerzita
|c 2009
|
| 300 |
|
|
|a 20 s.
|b fotogr.
|c 21 cm
|
| 504 |
|
|
|a Bibliogr. s. 11-19
|
| 546 |
|
|
|a Res. angl.
|
| 650 |
0 |
7 |
|a vysokohodnotný betón
|2 SNKPH
|9 410062
|
| 650 |
0 |
7 |
|a betónové mosty
|2 SNKPH
|9 69429
|
| 650 |
0 |
7 |
|a konštrukcie
|2 SNKPH
|9 301193
|
| 655 |
|
7 |
|a dizertácie
|2 SNKPH
|9 70277
|
| 655 |
|
7 |
|a brožúry
|2 SNKPH
|9 70146
|
| 958 |
|
|
|a NB
|
| 958 |
|
|
|a OND
|
| 968 |
|
|
|d 66/69
|
| 999 |
|
|
|c 660299
|d 662229
|
| 952 |
|
|
|a SNK
|b SNK
|y PREZ
|7 0
|p 17A0638655
|o snkSC 138039
|i snk2009/20913
|8 0
|0 0
|1 0
|4 0
|d 2009-11-24
|f 1
|l 0
|r 2025-07-04 00:00:00
|w 2026-02-23
|